| 000 | 00618nam a2200193 i 4500 | ||
|---|---|---|---|
| 001 | 130091 | ||
| 003 | ES-MaACL | ||
| 005 | 20230906193635.0 | ||
| 007 | t| | ||
| 008 | 070718s1985 sp ||||1| spa d | ||
| 020 | _a84-398-5408-0 | ||
| 100 | 1 |
_aZurita Castañer, Joaquín. _9118541 |
|
| 245 | 1 | 4 |
_aLos círculos del exilio español en Europa _b: 1939-1975 / _cJoaquín Zurita Castañer. |
| 260 |
_aZaragoza : _bJ. Zurita, _c1985. |
||
| 300 |
_a290 p. : _bil. ; _c21 cm. |
||
| 650 | 1 | 4 |
_aExiliados españoles- _y1939-1975. _912658 |
| 852 |
_aES-MaACL _jL-10962 _bR.112551 |
||
| 852 |
_aES-MaACL _jL-11757 _bR.111870 |
||
| 999 |
_c130091 _d130091 |
||